Normal view MARC view
  • Pollution technology review,

Entry Uniform Title

Number of records used in: 3

001 - CONTROL NUMBER

  • control field: 6331

003 - CONTROL NUMBER IDENTIFIER

  • control field: NUST

005 - DATE AND TIME OF LATEST TRANSACTION

  • control field: 20171113135125.0

008 - FIXED-LENGTH DATA ELEMENTS

  • fixed length control field: 171113|| aca||aabn | a|a d

040 ## - CATALOGING SOURCE

  • Original cataloging agency: NUST
  • Transcribing agency: NUST

130 ## - HEADING--UNIFORM TITLE

  • Uniform title: Pollution technology review,
  • General subdivision: 0090-516X ;
  • Form subdivision: no. 140

670 ## - SOURCE DATA FOUND

  • Source citation: Work cat.: (NUST)0: Control of organic substances in water and wastewater /, 1983.
© 2023 Central Library, National University of Sciences and Technology. All Rights Reserved.